Frontera de País Vasco: municipios de Navarra - Estadísticas

Estadísticas generales
  • Esta prueba ha sido intentada 6 veces
  • La puntuación promedio es 11 de 25
Respuestas en el mapa
Las respuestas están codificadas por una escala verde-roja en el mapa de la prueba según el % correcto abajo.
 
Estadísticas de respuestas
Municipio % Correcto
Vera de Bidasoa / Bera
100%
Alsasua / Altsasu
67%
Goizueta
67%
Leiza / Leitza
67%
Lesaca / Lesaka
67%
Arano
50%
Areso
50%
Ciordia / Ziordia
50%
Urdiain
50%
Aguilar de Codés
33%
Araiz / Araitz
33%
Bacaicoa / Bakaikoa
33%
Cabredo
33%
Echarri-Aranaz / Etxarri-Aranatz
33%
Genevilla
33%
Iturmendi
33%
Lapoblación
33%
Larraona
33%
Marañón
33%
Nazar
33%
Viana
33%
Zúñiga
33%
Azuelo
17%
Mendaza
17%
Torralba del Río
17%
No se encontraron pruebas coincidentes
Distribución de puntuación
Porcentaje de gente con cada puntuación
Porcentaje por número respondido
Historial de tus puntuaciones
No has intentado esta prueba.